Most COVID Vaccinated Countries - Statistics

General Stats
  • This quiz has been taken 102 times
  • The average score is 6 of 13
Answer Stats
Fully Vaccinated Answer % Correct
72% Canada
80%
75% China
74%
78% Spain
64%
68% Norway
62%
84% Portugal
61%
77% Iceland
54%
79% Singapore
54%
85% United Arab Emirates
45%
78% Qatar
39%
75% Chile
31%
84% Malta
31%
74% Uruguay
18%
67% Cambodia
10%
No matching quizzes found
Score Distribution
Percent of People with Each Score
Percentile by Number Answered
Your Score History
You have not taken this quiz